LEADER 02430nam0 22005293i 450 001 MIL0156642 005 20251003044226.0 100 $a19930430d1981 ||||0itac50 ba 101 | $aita 102 $ait 181 1$6z01$ai $bxxxe 182 1$6z01$an 183 1$6z01$anc$2RDAcarrier 200 1 $aˆIl ‰movimento cooperativo in Italia$estoria e problemi$fGuido Bonfante, Zeffiro Ciuffoletti, Maurizio Degl'Innocenti$ga cura di Giulio Sapelli 210 $aTorino$cEinaudi$dc1981 215 $aX, 349 p.$d18 cm 225 | $aPiccola biblioteca Einaudi$v407 314 $acuratore$9CFIV008449 410 0$1001CFI0010621$12001 $aPiccola biblioteca Einaudi$v407 500 10$aˆIl ‰movimento cooperativo in Italia.$3MSE0074741$91457191 606 $aCooperazione$xItalia$x1861-1980$2FIR$3SBLC009984$9I 676 $a334$9COOPERATIVE$v11 676 $a334$9Economia. Cooperative$v14 676 $a334.094 5$9$v20 676 $a334.0945$9$v12 676 $a334.0945$9COOPERATIVE. ITALIA$v19 676 $a334.0945$9COOPERATIVE. Italia$v20 676 $a334.0945$9COOPERATIVE. Italia$v21 676 $a334.0945$9COOPERATIVE. Italia$v22 676 $a334.22$9COOPERATIVE DI CREDITO$v21 686 $aIT/X436.9$cMOVIMENTO COOPERATIVO ITALIA$2R 700 1$aBonfante$b, Guido$3CFIV048444$0140595 702 1$aSapelli$b, Giulio$3CFIV008449 702 1$aDegl'Innocenti$b, Maurizio$3CFIV015740 702 1$aCiuffoletti$b, Zeffiro$3CFIV078017 801 3$aIT$bIT-000000$c19930430 850 $aIT-BN0095 $aIT-AV0003 $aIT-AV0007 $aIT-NA0079 $aIT-NA0581 $aIT-NA0230 $aIT-BN0015 901 $bNAP AV$cSEZ. M $nSezione Moderna 901 $bNAP BN$cCAU $n$ 901 $bNAP FC$cFONDO $n$ 901 $bNAP 01$cPOZZO LIB.$nVi sono collocati fondi di economia, periodici di ingegneria e scienze, periodici di economia e statistica e altri fondi comprendenti documenti di economia pervenuti in dono. 901 $bNAP AR$cP. CICCONE$nDONAZIONE 912 $aMIL0156642 950 0$aBiblioteca Centralizzata di Ateneo$c1 v.$d 01POZZO LIB.ECON MON 7864$e 0101 0000110105E VMB 1 v. (18 cm. - Precedente collocazione: GUERRAZZI A 17)$fB $h20090616$i20090616 977 $a 01$a AR$a AV$a BN$a FC$a IR$a PB 996 $aMovimento cooperativo in Italia$91457191 997 $aUNISANNIO LEADER 02158nam0 2200433 i 450 001 TSA0002194 005 20251003044414.0 010 $a8815046593 020 $aIT$b95-2979 100 $a19961004d1994 ||||0itac50 ba 101 | $aita 102 $ait 181 1$6z01$ai $bxxxe 182 1$6z01$an 200 1 $aˆLa ‰politica previdenziale in Europa$fa cura di Marcello de Cecco e Felice Roberto Pizzuti 210 $aBologna$cIl mulino$d[1994] 215 $a384 p.$d21 cm. 225 | $aOrganizzazione e funzionamento della pubblica amministrazione$v45 314 $aSC/MIL 22/04/98 SC/MIL 17/12/97 SC/MIL 17/12/97$9CFIV068974 410 0$1001CFI0167920$12001 $aOrganizzazione e funzionamento della pubblica amministrazione$v45 606 $aPensioni$xEuropa$2FIR$3CFIC074863$9I 676 $a331.2$9Economia del lavoro. Condizioni di lavoro$v14 676 $a331.252$9PENSIONI$v21 676 $a331.252094$9PENSIONI. EUROPA$v20 676 $a331.252094$9PENSIONI. Europa$v21 676 $a351.83$9$v12 676 $a368.40094$9PREVIDENZA SOCIALE. STORIA. EUROPA$v21 702 1$aPizzuti$b, Felice Roberto$3CFIV049779 702 1$aDe Cecco$b, Marcello$3CFIV068974 801 3$aIT$bIT-000000$c19961004 850 $aIT-BN0095 $aIT-SA0112 $aIT-NA0070 901 $bNAP BU$c4 B $nPropedeutica. Formato cm. 20,1-28. 901 $bNAP 84$cBIBLIOTECA$n$ 901 $bNAP 01$cPOZZO LIB.$nVi sono collocati fondi di economia, periodici di ingegneria e scienze, periodici di economia e statistica e altri fondi comprendenti documenti di economia pervenuti in dono. 912 $aTSA0002194 950 0$aBiblioteca Centralizzata di Ateneo$c1 v. in due copie$d 01POZZO LIB.ECON MON 5838$e 0101 0000116365E VMA (bis 1 v. (2. copia. - Precedente collocazione: GUERRAZZI B 1948)$fB $h20091230$i20091230$c1 v. in due copie$d 01POZZO LIB.ECON MON 5838$e 0101 0000170095E VMA 1 v.$fB $h20210409$i20210409 977 $a 01$a 84$a BU 996 $aPolitica previdenziale in Europa$967762 997 $aUNISANNIO